El congreso nacional de Chile de 1909-1912
Сохранить в:
| Формат: | |
|---|---|
| Язык: | испанский |
| Опубликовано: |
Santiago, Chile
Barcelona
1909
|
| Предметы: | |
| Метки: |
Добавить метку
Нет меток, Требуется 1-ая метка записи!
|
MARC
| LEADER | 00000nam a2200000 a 4500 | ||
|---|---|---|---|
| 001 | UCO1572 | ||
| 003 | CL-VaPUC | ||
| 005 | 20210811001531.0 | ||
| 008 | 000519e19090000CL |||||||||||||||||spa|d | ||
| 999 | |c 288180 |d 288178 | ||
| 040 | |c Pontificia Universidad Católica de Valparaíso | ||
| 082 | 0 | 4 | |a 342.83 CON 1909 |2 21 |
| 245 | 1 | 3 | |a El congreso nacional de Chile de 1909-1912 |
| 260 | |a Santiago, Chile |b Barcelona |c 1909 | ||
| 300 | |a 387 páginas | ||
| 583 | |a last modification |c 20000519 00:00:00 |k Rodrigo Vera | ||
| 650 | 0 | |a Historia constitucional |z CHILE |9 256052 | |
| 650 | 7 | |a POLITICA Y GOBIERNO |2 CL-VaPUC |9 443863 |y 1909-1912 |z CHILE | |
| 650 | 0 | |a Poder legislativo |z CHILE |9 258808 | |
| 852 | |a BIBCUR | ||
| 942 | |c BK |2 ddc | ||
| 945 | |d 20000519 00:00:00 |a crobeson | ||
| 952 | |0 0 |1 0 |2 ddc |4 0 |6 342_830000000000000_CON_1909 |7 0 |8 X |9 335640 |a BIBHIS |b BIBHIS |d 2019-11-20 |i 1276557 |o 342.83 CON 1909 |p 1276557 |r 2024-01-30 |t 1 |w 2019-11-20 |y BK_X |k HIS | ||